| 000 | 01040cam a2200217 a 4500 | ||
|---|---|---|---|
| 005 | 20260423141322.0 | ||
| 008 | 951219s1996 nyua b 001 0 eng | ||
| 020 | _a0312160143 (hbk) | ||
| 082 | _a330.126 BAL | ||
| 245 | 1 | 0 |
_aEquity, efficiency, and growth : _bthe future of the welfare state / _cedited by Mario Baldassarri, Luigi Paganetto and Edmund S. Phelps |
| 260 |
_aLondon : _bMacmillan Press Ltd, _c1996. |
||
| 300 |
_a428 p. : _c24 cm. |
||
| 440 | 0 | _aCentral issues in contemporary economic theory and policy | |
| 505 | _aPart I: problems of the welfare state- Part II: active labour policies and the welfare state- Part III: economic policies and the welfare state- Part IV: equity and efficiency- Part V: competitiveness and the welfare state- Part VI: round table: economic policy recommendations- Index. | ||
| 650 | 0 | _aEconomics - Welfare State. | |
| 650 | 0 | _aEconomic Policies - Welfare State. | |
| 700 | 1 | _aBaldassarri, Mario, | |
| 700 | 1 | _aPaganetto, Luigi. | |
| 700 | 1 | _aPhelps, Edmund S. | |
| 942 |
_2ddc _cBK |
||
| 999 |
_c14625 _d14625 |
||